| 000 | 01604cam a22002174a 4500 | ||
|---|---|---|---|
| 005 | 20250605163935.0 | ||
| 008 | 250528s ||||||||||||||||||||||||d | ||
| 035 | _a14836 | ||
| 020 | _a41506385 | ||
| 040 |
_aGR-AtMCL _bgre _dGR-AtMCL _eAACR2 |
||
| 245 | 1 | _aMedia Cultures / Reappraising Transnational Media | |
| 250 | _a1st | ||
| 260 |
_bRouledge, _c1992 |
||
| 300 | _a224 | ||
| 520 | _aA wide range of cultural practices across national borders and the cultural politics associated with these everyday practices and debates. Notes and Contributors, Introduction, Media Cultures: The Historical Process, Citizens and Consumers and Public Culture, Modernity and Media Panics, National and Transnational Media Cultures, Electronic Communities and Domestic Rituals: Cultural Consumption and the Production of European Cultural Identities, Barbarous TV International: Syndicated Wheels of Fortune, French-American Connection: A Bout de Souffle and Breathless and the Melancholy Macho, More Than Just Images: The Whole Picture and News in the Multi-Channel Universe, Postwar Americanization and the Revitalization of European Culture, Popular Audiences and Cultural Quality, Intertextuality and Metafiction: Genre and Narration in the Television Fiction of Dennis Potter, Semiotics by Instinct: ''Cult Film'' as a Signifying Practice Between Audience and Film, Cultural Quality: Search for a Phantom? A Reception Perspective on Judgements of Cultural Value, Index.+ | ||
| 700 | 1 |
_aSchroder Christian Kim _9603 |
|
| 700 | 1 |
_aSkovmand Michael _9604 |
|
| 942 | _cBK | ||
| 999 |
_c449 _d449 |
||